| 000 | nam a22 7a 4500 | ||
|---|---|---|---|
| 999 |
_c342308 _d342308 |
||
| 003 | NUST | ||
| 005 | 20171218100649.0 | ||
| 008 | 171218b xxu||||| |||| 00| 0 eng d | ||
| 040 | _cNUST | ||
| 082 |
_a529.3 _bILY |
||
| 100 |
_aMuhammad Ilyas _97399 |
||
| 245 |
_aIslami qamari calendar: _bilm falkiyat ki roshni mein / _cMuhammad Ilyas |
||
| 260 |
_aIslamabad: _bPakistan Science Foundation, _c1998 |
||
| 300 | _a284 pages | ||
| 504 | _ainclude bibliography and references | ||
| 650 |
_aCalendar- Chronology _97400 |
||
| 880 |
_6100-01\(3\r _aمحمد الیاس |
||
| 880 |
_6245-02\(3\r _aاسلامی قمری کیلنڈر: _bعلم فلکیات کی روشنی میں _cمحمد الیاس |
||
| 880 |
_6260-03\(3\r _aاسلام آباد: _bپاکستان سائنس فاؤنڈیشن، _c1998 |
||
| 942 |
_2ddc _cBK |
||